Sports Quiz

Random Sports or Basketball Quiz

72 NBA 1st names 2017-18 Quiz Stats

 Plays Quiz not verified by Sporcle

Support Sporcle.
Go Orange.
Score 0/72 Timer 08:00
0 Plays Today
% Correct
Kevin
90.3%
J.J.
90%
Al
90%
Joel
89.7%
Jeremy
89.6%
Paul
89.4%
Derrick
89.4%
Rudy
89.3%
Damian
89.3%
Kyle
89.3%
Andre
89.2%
Marcus
89.1%
Trevor
89%
John
88.9%
Dennis
88.7%
Jeff
88.6%
Patrick
88.5%
Andrew
88.4%
Ben
88.3%
Jamal
88.1%
Kelly
87.8%
Tim
87.7%
Nikola
87.7%
Michael
87.5%
Dwight
86.4%
Mario
86.3%
Jonas
86.1%
Zach
85.8%
James
85.5%
Willie
85.3%
Lance
85%
Anthony
84.6%
Joe
83.9%
Tony
83.8%
Shabazz
83.7%
Malcolm
83.5%
% Correct
Nicolas
83.4%
Bobby
83.2%
David
83.2%
Brandon
82.8%
D.J.
82.5%
Alex
82.5%
Chris
82.1%
T.J.
82%
DeAndre
82%
Aaron
81.3%
Frank
81%
Quincy
80.9%
Jason
80.8%
Luke
80.7%
Nick
80.5%
Jarrett
80.1%
Ian
79.8%
Wesley
79.8%
Gary
79.6%
Jordan
79.6%
Reggie
79.4%
Malik
78.6%
C.J.
78%
Wayne
76.1%
Jonathan
75.1%
Justin
74.2%
Ryan
70.9%
Josh
68.4%
Alec
68%
Eric
67.3%
Mike
65.9%
Isaiah
65.4%
Daniel
63.4%
Troy
61.3%
Tyler
51.8%
Jacob
45.9%

You're not logged in!

Compare scores with friends on all Sporcle quizzes.
OR
Log In

From the Vault

'IUM' Elements by Letter

by ShabamShabam

Stretch your cranium for this elemental challenge!
Remove Ads.
Support Sporcle.
Get the best of Sporcle when you Go Orange. This ad-free experience offers more features, more stats, and more fun while also helping to support Sporcle. Thank you for becoming a member.

Show Comments

Extras

Top Quizzes Today


Score Distribution

Your Account Isn't Verified!

In order to create a playlist on Sporcle, you need to verify the email address you used during registration. Go to your Sporcle Settings to finish the process.

Report this User

Report this user for behavior that violates our Community Guidelines.

Details: